Gold Glove Winning Third Basemen - Statistics

General Stats
  • This quiz has been taken 128 times
  • The average score is 12 of 38
Answer Stats
Answer % Correct
Brooks Robinson
74%
Nolan Arenado
71%
Aurelio Rodriguez
68%
Mike Schmidt
68%
Wade Boggs
59%
George Brett
56%
Adrian Beltre
53%
Scott Rolen
53%
Graig Nettles
47%
David Wright
41%
Matt Williams
41%
Ron Santo
41%
Buddy Bell
38%
Scott Brosius
35%
Clete Boyer
32%
Ken Boyer
32%
Manny Machado
32%
Ryan Zimmerman
32%
Matt Chapman
29%
Robin Ventura
26%
Evan Longoria
24%
Gary Gaetti
24%
Terry Pendleton
24%
Ken Caminiti
21%
Mike Lowell
21%
Eric Chavez
18%
Kelly Gruber
18%
Travis Fryman
18%
Tim Wallach
15%
Chase Headley
12%
Doug Rader
12%
Kevin Reitz
12%
Kyle Seager
12%
Frank Malzone
9%
Jim Davenport
9%
Isiah Kiner-Falefa
6%
Placido Polanco
6%
Ramon Urias
3%
No matching quizzes found
Score Distribution
Percent of People with Each Score
Percentile by Number Answered
Your Score History
You have not taken this quiz